| 000 | 01529cam a2200325 a 4500 | ||
|---|---|---|---|
| 001 | 16408529 | ||
| 003 | BD-DhUL | ||
| 005 | 20161220194904.0 | ||
| 008 | 100813s2011 caua b 001 0 eng | ||
| 010 | _a 2010032373 | ||
| 020 | _a9780470498880 (cloth) | ||
| 020 | _a0470498889 (cloth) | ||
| 040 |
_aDLC _cDLC _dYDX _dYDXCP _dBWX _dCDX _dDLC _dBD-DhUL |
||
| 082 | 0 | 0 |
_a658.4 _bKID |
| 100 | 1 |
_aKing, Sara N. _d1961- |
|
| 245 | 1 | 0 |
_aDiscovering the leader in you : _bhow to realize your leadership potential / _cSara N. King, David G. Altman and Robert J. Lee. |
| 250 | _aNew & rev. | ||
| 260 |
_aSan Francisco : _bJossey-Bass, _bCenter for Creative Leadership, _cc2011. |
||
| 300 |
_axviii, 190 p. : _bill. ; _c24 cm. |
||
| 490 | 0 | _aA joint publication of the Jossey-Bass Business & management series and the Center for Creative Leadership | |
| 504 | _aIncludes bibliographical references and index. | ||
| 505 | 0 | _aWhere does leadership fit in your life? -- Organizational realities, demands, and expectations -- Your leadership vision -- Your leadership motivation and values -- Your leadership profile -- Personal realities, demands, and expectations -- The leader in you. | |
| 650 | 0 | _aLeadership. | |
| 700 | 1 | _aAltman, David G. | |
| 700 | 1 |
_aLee, Robert J., _d1939- |
|
| 700 | 1 |
_aLee, Robert J., _d1939- _tDiscovering the leader in you. |
|
| 906 |
_a7 _bcbc _corignew _d1 _eecip _f20 _gy-gencatlg |
||
| 942 |
_2ddc _cBK |
||
| 955 |
_bxj10 2010-08-13 _ixj10 2010-08-13 telework _axh16 2011-05-23 2 copies rec'd., to CIP ver. |
||
| 999 |
_c139369 _d139369 |
||